000
00258nam a22001097a 4500
008
180801b xxu||||| |||| 00| 0 eng d
082
_a
813.52
245
_a
Understanding childhood cancer
_c
Savvy
300
_a
1
_f
CD
440
_x
0968727611
942
_2
ddc
_c
MX
999
_c
46699
_d
46699